| 000 | 03987nam a2200529 a 4500 | ||
|---|---|---|---|
| 001 | 2008376 | ||
| 003 | AM-YEHGA | ||
| 005 | 20250618080206.0 | ||
| 008 | 250218s1906 ai ||||r|||||00||0|arm|d | ||
| 040 | _aAM-YeHGA | ||
| 041 | 0 | _aarm | |
| 100 | 1 |
_aԱտրպետ, _b1860-1937 _9971 |
|
| 245 | 1 | 0 |
_aՀողատիրութիւնը Կովկասում : _bՀետազօտութիւն / _cԱտրպետ. |
| 260 |
_aԱլեքսանդրապօլ : _bՇիրակ, _c1906. |
||
| 300 | _a(11 գիրք մեկ կազմի մեջ) ; 36 էջ | ||
| 500 | _aՇարվածքը՝ 15X9 սմ: | ||
| 500 | _aՏիտղոսաթերթին՝ զարդանկար: | ||
| 501 | _aՄեկ կազմի մեջ՝ Սահմանադրութեան էութեան մասին / Ֆ. Լասսալ; Թարգմ. ռուս.՝ Լ. Բաբայեան: -Թիֆլիս: Гермесъ: 1906; Ինչպէս կարելի է լուծել հողային հարցը / Ա․Ն․ ; Թարգմ․ Մ․ Յար․։ Թիֆլիզ։ Էլեքտրաշարժ տպարան Ընկ. "Հերմէս"։ 1906; Ժողովրդական օրէնսդրութիւնը դաշնակցական Զւիցերիայում : Պատմական տեսութիւն / Ալֆոնս Դիւնան։ Թիֆլիզ, Էլեքտրաշարժ տպարան Ընկ. "Հերմէս"։ 1906; Ով ինչով է ապրում/ Դիկշտէյն ; Թարգմ․ Ս․Տ․Գ․։ Թիֆլիզ։ Էլեքտրաշարժ տպարան Ընկ. "Հերմէս"։ 1906; Մի զրոյց հողի մասին / Թարգմ․ ռուս․ Լ․Ն․։ Թիֆլիզ։ Էլեքտրաշարժ տպարան Ընկ. "Հերմէս"։ 1906; Կօօպերացիա/ Ա․ Նիկօլաեւ ; Թարգմ․ ռուս․ Յ․Թ․։ Թիֆլիզ։ Էլեքտրաքարշ տպարան Ընկ. "Հերմէս"։ 1906; Խորամանկ կարգեր/ Թարգմ․ ռուս․ տիկ․ Հրանոյշ։ Թիֆլիզ։ Էլեքտրաշարժ տպարան Ընկ. "Հերմէս"։ [1907?]; Ինչպիսի կարգեր են հարկաւոր ժողովրդին / Ս․ Նեկրասով ; Ռուսեր․ թարգմ․ Գար․ Պապովեան։ Ս․ Պետերբուրգ։ "Պուշկինեան" տպարան։ 1907; Ինչ է գիւղատնտեսութիւնը; Դաշնակցութեան կրիզիսը ։ (Մի դիմում դաշնակցական բանւորութեան)/ Մրաւեան։ Վիեննա։ Եղբ․ Յակոբեանների տպարան։ 1907․ | ||
| 650 | 1 | 4 | _aԿովկասի պատմություն |
| 700 | 1 | _aԼասսալ, Ֆէրդինանդ | |
| 700 | 1 |
_aԲաբայեան, Լ․ _eթարգմ․ _4trl |
|
| 700 | 0 | _aԱ․Ն․ | |
| 700 | 0 |
_aՄ․ Յար․ _eթարգմ․ _4trl |
|
| 700 | 1 | _aԴիւնան, Ալֆոնս | |
| 700 | 0 | _aԴիկշտէյն | |
| 700 | 0 |
_aՍ․Տ․Գ․ _eթարգմ․ _4trl |
|
| 700 | 0 |
_aԼ․Ն․ _eթարգմ․ _4trl _9470 |
|
| 700 | 1 | _aՆիկօլաեւ, Ա․ | |
| 700 | 0 |
_aՅ․Թ․ _eթարգմ․ _4trl _94844 |
|
| 700 | 0 |
_aՀրանոյշ _eթարգմ․ _4trl |
|
| 700 | 1 | _aՆեկրասով, Ս․ | |
| 700 | 1 |
_aՊապովեան, Գար․ _eթարգմ․ _4trl |
|
| 700 | 1 | _aՄրաւեան | |
| 740 | 0 | 2 | _aՍահմանադրութեան էութեան մասին |
| 740 | 0 | 2 | _aԻնչպէս կարելի է լուծել հողային հարցը |
| 740 | 0 | 2 | _aԺողովրդական օրէնսդրութիւնը դաշնակցական Զւիցերիայում : Պատմական տեսութիւն / |
| 740 | 0 | 2 | _aՈվ ինչով է ապրում |
| 740 | 0 | 2 | _aՄի զրոյց հողի մասին |
| 740 | 0 | 2 | _aԿօօպերացիա |
| 740 | 0 | 2 | _aԽորամանկ կարգեր |
| 740 | 0 | 2 | _aԻնչպիսի կարգեր են հարկաւոր ժողովրդին |
| 740 | 0 | 2 | _aԻնչ է գիւղատնտեսութիւնը |
| 740 | 0 | 2 | _aԴաշնակցութեան կրիզիսը |
| 856 | 4 | 1 |
_uhttp://greenstone.flib.sci.am/gsdl/collect/hajgirqn/book/hoghatirutyunyk_1906.pdf _yԿարդալ առցանց |
| 942 |
_2udc _cBK |
||
| 090 | _c572205 | ||
| 999 |
_c533213 _d533213 |
||